Every LEGO Star Wars Minifigure Ever Released - Statistics

General Stats
  • This quiz has been taken 157 times
    66 since last reset
  • The average score is 213 of 562
Answer Stats
Answer % Correct
Ben Kenobi
100%
Obi-Wan Kenobi
100%
Rako Hardeen
100%
Anakin Skywalker
98%
Darth Vader
98%
Gingerbread Vader
98%
Jedi Vader
98%
Beach Luke
96%
Luke Skywalker
96%
Skyhopper Pilot
96%
Boushh
94%
Darth Maul
94%
Leia Organa
94%
41st Elite Corps Clone Trooper
92%
Darth Rey
92%
Qui-Gon Jinn
92%
Rey Skywalker
92%
Beach Trooper
90%
Chancellor Sheev Palpatine
90%
Clone Trooper Captain
90%
Emperor Sheev Palpatine
90%
Han Solo
90%
Ackbar Trooper
88%
C-3PO
88%
Clone Pilot
88%
First Order Stormtrooper
88%
First Order Stormtrooper Executioner
88%
First Order Stormtrooper Officer
88%
First Order Stormtrooper Sergeant
88%
First Order Treadspeeder Driver
88%
Imperial Artillery Stormtrooper
88%
Imperial Remnant Stormtrooper
88%
Imperial Stormtrooper
88%
Imperial Stormtrooper Sergeant
88%
Mimban Stormtrooper
88%
R2-D2
88%
Bobarian Afol
85%
Captain Rex
85%
Clone Jetpack Trooper
85%
Clone Shock Trooper
85%
Clone Trooper Commander
85%
Yoda
85%
104th "Wolfpack" Battalion Clone Trooper
83%
187th Legion Clone Trooper
83%
187th Legion Clone Trooper Commander
83%
212th Attack Battalion Clone Trooper
83%
21st Nova Corps Clone Galactic Marine
83%
327th Star Corps Clone Trooper
83%
332nd Company Clone Trooper
83%
41st Ranger Platoon Clone Trooper
83%
442nd Siege Battalion Clone Trooper
83%
501st Legion Clone Jetpack Trooper
83%
501st Legion Clone Pilot
83%
501st Legion Clone Trooper
83%
501st Legion Clone Trooper Officer
83%
501st Legion Clone Trooper Specialist
83%
501st Legion Heavy Clone Trooper
83%
ARF Trooper
83%
Bomb Squad Clone Trooper
83%
Bounty Hunter C-3PO
83%
Chewbacca
83%
Clone Aerial Trooper
83%
Clone Cadet
83%
Clone Gunner
83%
Clone Paratrooper
83%
Clone Recon Trooper
83%
Clone Trooper
83%
Clone Trooper Lieutenant
83%
Clone Trooper Sergeant
83%
Ezra Bridger
83%
General Jan Dodonna
83%
Geonosis Clone Trooper
83%
Special Forces Clone Trooper
83%
Specialized Geonosis Clone Trooper
83%
Mace Windu
81%
Padmé Amidala Naberrie
81%
B1 Battle Droid
79%
B1 Pilot Battle Droid
79%
B1 Rocket Battle Droid
79%
B1 Rocket Battle Droid Commander
79%
B1 Security Battle Droid
79%
B2 Super Battle Droid
79%
Commander Cody
79%
Commander Gree
79%
Darth Jar Jar
79%
D-O
79%
Jar Jar Binks
79%
OOM Command Battle Droid
79%
Astromech Droid
77%
Boba Fett
77%
Kit Fisto
77%
S1D6-SA-5
77%
Count Dooku
75%
Din Grogu
75%
Jabba the Hutt
75%
Jango Fett
75%
Kylo Ren
75%
Lando Calrissian
75%
Shaak Ti
75%
Ahsoka Tano
73%
Din Djarin
73%
Finn
73%
General Grievous
73%
BB-8
71%
Plo Koon
71%
Sebulba
71%
Del Meeko
69%
First Order Snowtrooper
69%
First Order Snowtrooper Officer
69%
Imperial Snowtrooper
69%
Imperial Snowtrooper Commander
69%
Poe Dameron
69%
Scout Trooper
69%
Wicket Wystri Warrick
69%
Droideka
67%
Imperial Shuttle Pilot
67%
Watto
67%
Admiral Gial Ackbar
65%
Gungan Warrior
65%
Wedge Antilles
65%
Barriss Offee
63%
Bossk'wassak'Cradossk
63%
Emperor's Royal Guard
63%
Emperor's Shadow Guard
63%
First Order TIE Pilot
63%
Imperial TIE Pilot
63%
Ki-Adi-Mundi
63%
Pre Vizsla
63%
Aayla Secura
60%
Axe Woves
60%
Bib Fortuna
60%
Cad Bane
60%
Ewok Warrior
60%
Grand Moff Wilhuff Tarkin
60%
Sabine Wren
60%
Taun We
60%
Tusken Raider
60%
Asajj Ventress
58%
Assassin Droid
58%
Elite Assassin Droid
58%
First Order Shuttle Pilot
58%
Fives
58%
Geonosian Pilot
58%
Geonosian Warrior
58%
Geonosian Zombie
58%
Hera Syndulla
58%
Koska Reeves
58%
Nute Gunray
58%
R4 Astromech Droid
58%
Greedo
56%
Kanan Jarrus
56%
Mandalorian Fleet Commander
56%
Mandalorian Warrior
56%
Rebel Soldier (Endor)
56%
Rebel Soldier (Hoth)
56%
Rebel Soldier (Jedha)
56%
Rebel Soldier (Scarif)
56%
Rebel Soldier (Yavin IV)
56%
Shriv Suurgav
56%
Supreme Leader Snoke
56%
Twilight Company Rebel Soldier
56%
WED Treadwell droid
56%
Will Scotian
56%
Bodhi Rook
54%
C1-10P "Chopper"
54%
Cal Kestis
54%
Echo
54%
IG-88B
54%
Snowspeeder Pilot
54%
AT-AT Driver
52%
Cassian Andor
52%
Even Piell
52%
Jawa
52%
Lama Su
52%
Paz Vizsla
52%
Resistance Speeder Pilot
52%
Zeb Orrelios
52%
Beru Lars
50%
Captain Phasma
50%
Captain Quarsh Panaka
50%
Commander Wolffe
50%
General Maximilian Veers
50%
Imperial Sandtrooper
50%
Jek Porkins
50%
Jyn Erso
50%
Owen Lars
50%
Reva Sevander
50%
Shin Hati
50%
Wampa
50%
4-LOM
48%
Admiral Firmus Piett
48%
A-Wing Pilot
48%
Commander Fox
48%
General Armitage Hux
48%
Jek-14
48%
Luminara Unduli
48%
Moff Gideon
48%
Pateesa
48%
Rose Tico
48%
Tech
48%
AT-ST Driver
46%
B-Wing Pilot
46%
Commander Hammer
46%
Imperial Death Trooper
46%
Marrok
46%
Mon Mothma
46%
Saesee Tiin
46%
Starkiller
46%
Bail Organa
44%
Bo-Katan Kryze
44%
Captain Raymus Antilles
44%
Gonk Droid
44%
Gonky
44%
Grand Admiral Thrawn
44%
Hunter
44%
Imperial Officer
44%
Imperial Recruitment Officer
44%
Poggle the Lesser
44%
Savage Opress
44%
Ten Numb
44%
Baze Malbus
42%
Chief Tarfful
42%
Dengar
42%
Fifth Brother
42%
K-2SO
42%
Lobot
42%
The Grand Inquisitor
42%
Biggs Darklighter
40%
Buzz Droid
40%
BX Commando Droid
40%
BX Commando Droid Captain
40%
Captain Roos Tarpals
40%
Crosshair
40%
Darth Malgus
40%
Director Orson Krennic
40%
Max Rebo
40%
Nien Nunb
40%
Omega
40%
Sith Trooper
40%
Vice Admiral Rae Sloane
40%
Wrecker
40%
Aurra Sing
38%
Cara Dune
38%
Chirrut Îmwe
38%
Commander Bly
38%
Darth Revan
38%
Gamorrean Guard
38%
IG-100 MagnaGuard
38%
Rebel X-Wing Pilot
38%
Resistance X-Wing Pilot
38%
Salacious B. Crumb
38%
Sith Probe Droid
38%
Vi Moradi
38%
Y-Wing Pilot
38%
2-1B Medical Droid
35%
Agen Kolar
35%
BD-1
35%
Eeth Koth
35%
Embo
35%
Gideon Hask
35%
IG-11
35%
Porg
35%
Viper Probe Droid
35%
Zam Wesell
35%
Captain Edrison Peavey
33%
Commander Gregor
33%
Dark Trooper
33%
EV-9D9
33%
First Order Officer
33%
First Order Praetorian Guard
33%
Galen Erso
33%
Gar Saxon
33%
Imperial Gunner
33%
Imperial Praetorian Guard
33%
Lieutenant Dopheld Mitaka
33%
Logray
33%
Maz Kanata
33%
Naboo Fighter Pilot
33%
Qi'ra
33%
Quinlan Vos
33%
R4-P17
33%
Admiral Wullf Yularen
31%
Hondo Ohnaka
31%
Rotta the Huttlet
31%
The Armorer
31%
Wookiee Warrior
31%
Zuckuss
31%
Admiral Raddus
29%
Chief Chirpa
29%
Dwarf Spider Droid
29%
Jon "Dutch" Vander
29%
Kao Cen Darach
29%
Morgan Elsbeth
29%
Night Trooper
29%
Pit Droid
29%
Pong Krell
29%
Tauntaun
29%
Agent Alexsandr Kallus
27%
Cobb Vanth
27%
Commander Bacara
27%
First Order Fleet Gunner
27%
Greef Karga
27%
Hrchek Kal Fas
27%
Imperial Shoretrooper
27%
Major Elrik Vonreg
27%
Razor
27%
Shadow Stormtrooper
27%
Stass Allie
27%
Zuzanu Latt
27%
Ap'Lek
25%
AT-DP Driver
25%
Cardo
25%
Commander Neyo
25%
Commander Odd Ball
25%
Dak Ralter
25%
Fennec Shand
25%
Imperial Navy Trooper
25%
Jace Malcom
25%
Naboo Security Guard
25%
Pagetti Rook
25%
R5-D4
25%
R5-D8
25%
Republic Trooper
25%
Resistance Soldier (Crait)
25%
Resistance Soldier (D'Qar)
25%
Satele Shan
25%
Senate Commando
25%
Senate Commando Captain
25%
Trudgen
25%
Umbaran Soldier
25%
Ushar
25%
Vicrul
25%
Baylan Skoll
23%
Bith
23%
Coleman Trebor
23%
Commander Jun Sato
23%
Darth Malak
23%
First Order Flametrooper
23%
Kuruk
23%
MSE-6 Droid
23%
Nahdar Vebb
23%
Oola
23%
Supervisor Dedra Meero
23%
TC-14
23%
U-Wing Pilot
23%
Val
23%
Zev Senesca
23%
Babu Frik
21%
Bespin Guard
21%
Enfys Nest
21%
Garindan ezz Zavor
21%
Ponda Baba
21%
Quay Tolsite
21%
Rowan Freemaker
21%
Saw Gerrera
21%
Tobias Beckett
21%
Ugnaught
21%
Aldar Beedo
19%
Anzellan
19%
BB-9E
19%
Darth Marr
19%
FA-4
19%
Gasgano
19%
Iden Versio
19%
Imperial Transport Pilot
19%
Jacen Syndulla
19%
Juno Eclipse
19%
Lieutenant Bek
19%
Luthen Rael
19%
Moloch
19%
Paploo
19%
Professor Huyang
19%
Syril Karn
19%
Theelin Dancer
19%
Thi-Sen
19%
Vice Admiral Amilyn Holdo
19%
Zorii Bliss
19%
Dianoga
17%
First Order Jet Trooper
17%
Kelleran Beq
17%
Kordi Freemaker
17%
Paige Tico
17%
QT-KT
17%
R0-GR "Roger"
17%
Republic Pilot
17%
Rintel Aren
17%
Rio Durant
17%
Separatist Bounty Hunter
17%
Skeleton
17%
Snub-Fighter Pilot
17%
Teebo
17%
Tokkat
17%
TX-20 Tactical Droid
17%
Unkar Plutt
17%
Vane
17%
Wuher
17%
Zander Freemaker
17%
B'omarr Monk
15%
Captain Vaughn
15%
Darth Dev
15%
DJ
15%
General Enric Pryde
15%
Imperial Range Trooper
15%
Kuiil
15%
Moff Tian Jerjerrod
15%
Nubs
15%
Officer Bren Derlin
15%
Onaconda Farr
15%
R2-Q5
15%
Sugi
15%
Todo 360
15%
Weequay Guard
15%
Captain Jag
13%
Doctor Cornelius Evazan
13%
Finch Dallow
13%
General Antoc Merrick
13%
General Crix Madine
13%
Imperial Remnant AT-RT Driver
13%
Imperial Tank Trooper
13%
Inferno Squad Agent
13%
Jannah
13%
LO-LA59
13%
Malakili
13%
Neimoidian Warrior
13%
Noga-Ta
13%
Peli Motto
13%
R-3PO
13%
Ree-Yees
13%
RJ-83
13%
Wald
13%
Bala-Tik
10%
Boolio
10%
Corellian Hound
10%
Crokind Shand
10%
Dewback
10%
Fern
10%
General Carlist Rieekan
10%
Guavian Death Gang Soldier
10%
Imperial Ground Trooper
10%
ISB Tactical Agent
10%
Jod Na Nawood
10%
K-3PO
10%
Kai Brightstar
10%
L3-GO
10%
Lor San Tekka
10%
Major Ledick Firest
10%
Mon Calamari Officer
10%
Mythrol
10%
Naare
10%
NED-B
10%
Nikto Guard
10%
Paodok'Draba'Takat Sap'De'Rekti Nik'Linke'Ti' Ki'Vef'Nik'NeSevef'Li'Kek
10%
Quarren
10%
Sig Greebling
10%
Tallissan "Tallie" Lintra
10%
Tasu Leech
10%
Teedo
10%
Temmin "Snap" Wexley
10%
Turk Falso
10%
Bistan
8%
First Officer Vic Hawkins
8%
Garven "Dave" Dreis
8%
Griff Halloran
8%
Imperial Commando
8%
Imperial Patrol Trooper
8%
Kabe
8%
KB
8%
Klatooinian Raider
8%
Lys Solay
8%
Moroff
8%
Nash Durango
8%
R4-D5
8%
R4-G9
8%
Resistance Officer
8%
Tala Durith
8%
Wes Janson
8%
5D6-RA-7
6%
Admiral Conan Antonio Motti
6%
Colonel Ward
6%
Commander Praji
6%
General Airen Cracken
6%
General Cassio Tagge
6%
Imperial Dignitary
6%
Jedi Consular
6%
Kessel Mine Worker
6%
Kithaba
6%
Lieutenant Kaydel Ko Connix
6%
Neel
6%
R2-Q2
6%
R4-P44
6%
R7-A7
6%
R7-D4
6%
RA-7 Protocol Droid
6%
Republic Captain
6%
Shahan Alama
6%
U-3PO
6%
Vizam
6%
Weazel
6%
Wim
6%
Wullffwarro
6%
Yesi Scala
6%
Admiral Caluan Ematt
4%
BD-72
4%
Captain Carson Teva
4%
Captain Porter
4%
DD-BD
4%
EV-A4-D
4%
First Order Walker Driver
4%
FX-9 Surgical Assistant Droid
4%
IT-O Interrogation Droid
4%
K3-R1
4%
Kazuda Xiono
4%
Lieutenant Beyta
4%
Major Taslin Brance
4%
M-OC Hunter Droid
4%
Mynock
4%
PK-4 Droid
4%
R1-G4
4%
R1-J5 "Bucket"
4%
R2-BHD
4%
R2-E6
4%
R2-X2
4%
R3-A2
4%
R3-T6
4%
R4-P22
4%
R5-A2
4%
Rebel Mechanic
4%
Solitus
4%
T7-O1
4%
TC-4
4%
Theron Nett
4%
Toryn Farr
4%
U5-GG
4%
Unkar's Brute
4%
Unkar's Thug
4%
Wooof
4%
Cloud Car Pilot
2%
Droid Brain
2%
Goos Toower
2%
Hylobon Enforcer
2%
IM4 Sentry Droid
2%
Momaw Nadon
2%
NI-L8
2%
Nix Jerd
2%
Quarrie
2%
R3-D5
2%
R3-M2
2%
R3-S1
2%
R3-T2
2%
R4-G0
2%
R5-F7
2%
R5-J2
2%
R8-B7
2%
Rebolt
2%
SR-V0 "Servo"
2%
ASP Droid
0%
DLC-13 Mining Droid
0%
Imperial Combat Driver
0%
Kardue’sai’Malloc
0%
Q7 Astromech Droid
0%
R2-R7
0%
R3-M3
0%
No matching quizzes found
Score Distribution
Percent of People with Each Score
Percentile by Number Answered
Your Score History
You have not taken this quiz since the last reset